00374nam a2200133 a 450008200120000010000150001224500650002726000440009230000090013650000350014550500210018065000240020170000150022500a200 HIC aHick, John aDisputed Question in Theology and the Philosophy of Religion aNew HavenbYale University Press c1993 a198p aincludes index and biblioraphy2 aBiblio., Indices aReligion-Philosophy1 aHick, John